[Event "62.HEM 2008, Gruppe D"]
[Site "Hanau"]
[Date "2008.03.22"]
[Round "4.1"]
[White "Taskor, Erkan"]
[Black "Libuda, Thomas"]
[Result "0-1"]
[WhiteElo "1597"]
[BlackElo "1984"]
[PlyCount "122"]
[EventDate "2008.??.??"]

1. d4 g6 2. Nf3 Bg7 3. Bf4 d6 4. e3 Nf6 5. h3 O-O 6. Be2 Nbd7 7. O-O c5 8. c3
b6 9. Nbd2 Bb7 10. a4 a6 11. Bh2 Ra7 12. Rc1 Qa8 13. Re1 Re8 14. Bf1 Bc6 15. b3
Nd5 16. c4 Nb4 17. d5 Bb7 18. Ne4 b5 19. Nfd2 bxa4 20. bxa4 Qd8 21. h4 Bc8 22.
h5 Ne5 23. Nf3 Bg4 24. Bxe5 Bxe5 25. hxg6 fxg6 26. Nc3 e6 27. Be2 Bxc3 28. Rxc3
Qf6 29. Rb3 exd5 30. cxd5 Rf7 31. Qd2 a5 32. Rd1 Bf5 33. Ne1 Ref8 34. f3 Qh4
35. e4 Bc8 36. Qe3 Re7 37. Rc1 Bb7 38. Qd2 Re5 39. Nd3 Rh5 40. Nxb4 axb4 41.
Qe1 Qh2+ 42. Kf2 Qe5 43. Bc4 Rg5 44. Kf1 Rh5 45. Ke2 Rg5 46. Kf1 Qh2 47. Qf2
Bc8 48. Qg1 Qe5 49. Rcb1 Qxe4 50. Be2 Bh3 51. Ke1 Qh4+ 52. Kd2 Bxg2 53. Qe3 Re5
54. Qd3 Qf2 55. Qc4 Bxf3 56. Re1 Bxd5 57. Qd3 Bxb3 58. Qxb3+ Kg7 59. Kd1 Qd4+
60. Kc1 Rxe2 61. Rxe2 Rf1+ 0-1

[Event "62.HEM 2008, Gruppe D"]
[Site "Hanau"]
[Date "2008.03.22"]
[Round "4.2"]
[White "Graefe, Heiko"]
[Black "Heckwolf, Thomas"]
[Result "0-1"]
[WhiteElo "1936"]
[BlackElo "1513"]
[PlyCount "58"]
[EventDate "2008.??.??"]

1. d4 d5 2. c4 dxc4 3. e4 Nf6 4. Nc3 e6 5. Bxc4 Nc6 6. Nf3 Bb4 7. Bg5 h6 8.
Bxf6 Qxf6 9. O-O Bxc3 10. bxc3 O-O 11. e5 Qe7 12. Nd2 b6 13. Bd3 a5 14. Be4 Bb7
15. Qa4 Qe8 16. Qc2 Nd8 17. f4 Bxe4 18. Nxe4 Qe7 19. a4 Nb7 20. f5 exf5 21.
Rxf5 Rad8 22. Raf1 c5 23. Rf6 cxd4 24. cxd4 Rxd4 25. Rxb6 Rxe4 26. Rc6 Rxe5 27.
Rc7 Qb4 28. Rcxf7 Rxf7 29. Qc8+ Qf8 0-1

[Event "62.HEM 2008, Gruppe D"]
[Site "Hanau"]
[Date "2008.03.22"]
[Round "4.3"]
[White "Wesoly, Helge"]
[Black "Wilhelm, Holger"]
[Result "1-0"]
[WhiteElo "1847"]
[BlackElo "1878"]
[PlyCount "79"]
[EventDate "2008.??.??"]

1. d4 d5 2. c4 Nf6 3. Nc3 c6 4. e3 Qb6 5. Bd3 Bg4 6. Qc2 Nbd7 7. Nge2 e6 8. O-O
Bh5 9. e4 dxc4 10. Bxc4 Bg6 11. Bd3 Rc8 12. h3 Be7 13. Be3 Qd8 14. Rad1 Nb6 15.
Qb3 O-O 16. Nf4 Qc7 17. Rc1 Qd7 18. Rfd1 Rfd8 19. a4 c5 20. Bb5 Qc7 21. dxc5
Rxd1+ 22. Nxd1 Nbd7 23. Nxg6 hxg6 24. c6 Ne5 25. cxb7 Qxb7 26. Rxc8+ Qxc8 27.
Bxa7 Nxe4 28. Be3 Qc7 29. Nc3 Nc5 30. Qd1 Qa5 31. f4 Qb4 32. fxe5 Qxb2 33. Qc1
Qb3 34. Kh1 Nb7 35. Ne4 Na5 36. Ng5 Qd5 37. Qc8+ Bf8 38. Qc7 Qa8 39. Qxf7+ Kh8
40. Qxg6 1-0

[Event "62.HEM 2008, Gruppe D"]
[Site "Hanau"]
[Date "2008.03.22"]
[Round "4.4"]
[White "Minor, Dieter"]
[Black "Hastenrath, Teja"]
[Result "1-0"]
[WhiteElo "1866"]
[BlackElo "1620"]
[PlyCount "89"]
[EventDate "2008.??.??"]

1. d4 d5 2. Nf3 Nf6 3. Bf4 e6 4. h3 c5 5. e3 Nc6 6. c3 Be7 7. Nbd2 O-O 8. Rc1
Bd7 9. Bd3 Rc8 10. O-O h6 11. Re1 Re8 12. Bb1 cxd4 13. exd4 Na5 14. Qc2 Nc4 15.
Rcd1 Qa5 16. Ne5 Ba4 17. Nb3 Qb6 18. Rd3 Bd6 19. Rg3 Kf8 20. Qd3 Ne4 21. Rxe4
dxe4 22. Qxe4 Bxe5 23. dxe5 g5 24. Bc1 Bxb3 25. axb3 Qxb3 26. Bc2 Qb6 27. Qh7
Ke7 28. Qxh6 Kd7 29. Ba4+ Rc6 30. Bxc6+ Kxc6 31. Qxg5 Nxb2 32. Be3 Qa5 33. Bd4
Nc4 34. Qf4 Qc7 35. Rg7 Re7 36. h4 a5 37. h5 a4 38. Qf3+ Kb5 39. h6 a3 40. Qe2
Re8 41. h7 Rh8 42. Qc2 Qc8 43. Qb3+ Ka6 44. Rg8 Na5 45. Qb6# 1-0

[Event "62.HEM 2008, Gruppe D"]
[Site "Hanau"]
[Date "2008.03.22"]
[Round "4.5"]
[White "Abel, Fabian"]
[Black "Reichel, Guenther"]
[Result "1-0"]
[WhiteElo "1633"]
[BlackElo "1635"]
[PlyCount "47"]
[EventDate "2008.??.??"]

1. e4 c5 2. d4 cxd4 3. c3 dxc3 4. Nxc3 d6 5. Bc4 e6 6. Nf3 Be7 7. O-O Nf6 8.
Qe2 O-O 9. Rd1 Bd7 10. Bf4 Ne8 11. Rac1 a6 12. a3 b5 13. Ba2 Nc6 14. e5 Qb8 15.
exd6 Bf6 16. Ne4 Qb7 17. Nc5 Qc8 18. Bg5 Bxg5 19. Nxg5 Nf6 20. Ngxe6 Re8 21.
Qc2 fxe6 22. Nxd7 Nxd7 23. Qxc6 Kf7 24. Qf3+ 1-0

[Event "62.HEM 2008, Gruppe D"]
[Site "Hanau"]
[Date "2008.03.22"]
[Round "4.6"]
[White "Lauer, David"]
[Black "Kuehn, Thomas"]
[Result "1/2-1/2"]
[WhiteElo "1655"]
[BlackElo "1926"]
[PlyCount "94"]
[EventDate "2008.??.??"]

1. d4 f5 2. c4 Nf6 3. g3 g6 4. Bg2 Bg7 5. Nf3 O-O 6. O-O d6 7. d5 Qe8 8. Nc3 c6
9. Qd3 a5 10. Be3 Na6 11. a3 Nc5 12. Bxc5 dxc5 13. dxc6 bxc6 14. Qe3 Nd7 15.
Qe6+ Kh8 16. Qxc6 Ra6 17. Qa4 Bb7 18. Qc2 e5 19. e4 fxe4 20. Nxe4 Qa8 21. Nfd2
Nf6 22. f3 Nxe4 23. fxe4 Bh6 24. Rxf8+ Qxf8 25. Re1 Rf6 26. Nf1 Rd6 27. Qc3 Qd8
28. Kh1 Rd4 29. h3 a4 30. Qc2 Qd7 31. Nh2 Rd2 32. Qc3 Bg7 33. Nf3 Rd3 34. Nxe5
Rxc3 35. Nxd7 Rxg3 36. Re2 Bd4 37. Kh2 Rb3 38. e5 Bxg2 39. Kxg2 Rxb2 40. Rxb2
Bxb2 41. e6 Kg8 42. Nxc5 Bxa3 43. Nxa4 Kf8 44. Kf3 Ke7 45. Ke4 Kxe6 46. Nc3 g5
47. Nd5 Bc1 1/2-1/2

[Event "62.HEM 2008, Gruppe D"]
[Site "Hanau"]
[Date "2008.03.22"]
[Round "4.7"]
[White "Medvedovski, Michael"]
[Black "Schneider, Udo"]
[Result "1-0"]
[WhiteElo "1648"]
[BlackElo "1854"]
[PlyCount "87"]
[EventDate "2008.??.??"]

1. e4 e6 2. Nf3 d5 3. Nc3 Nf6 4. e5 Nfd7 5. d4 c5 6. dxc5 Bxc5 7. Bd3 Nc6 8.
O-O a6 9. Bf4 b5 10. Re1 Bb4 11. a3 Bxc3 12. bxc3 Bb7 13. Nd4 O-O 14. Qh5 g6
15. Qh6 Nxd4 16. cxd4 Qb6 17. Bg5 Qxd4 18. Rad1 Qc3 19. Re3 Nxe5 20. Bxg6 Nf3+
21. Rxf3 Qg7 22. Qxg7+ Kxg7 23. Bd3 f6 24. Bd2 e5 25. Rg3+ Kh8 26. Bf5 Bc8 27.
Bxc8 Raxc8 28. Bb4 Rg8 29. c3 d4 30. cxd4 exd4 31. Rxg8+ Kxg8 32. Kf1 Rc4 33.
Ke2 Kf7 34. Kd3 Ke6 35. Re1+ Kf5 36. Re7 Rc1 37. Kxd4 Rc2 38. Ke3 h5 39. Rd7
Rc6 40. Rd6 Rxd6 41. Bxd6 Ke6 42. Bb4 Kf5 43. f3 Ke6 44. Kf4 1-0

[Event "62.HEM 2008, Gruppe D"]
[Site "Hanau"]
[Date "2008.03.22"]
[Round "4.8"]
[White "Jordake, Michael"]
[Black "Ruell, Michael"]
[Result "1-0"]
[WhiteElo "1640"]
[BlackElo "1840"]
[PlyCount "51"]
[EventDate "2008.??.??"]

1. e4 c5 2. Nc3 Nc6 3. g3 g6 4. Bg2 Bg7 5. d3 d6 6. Be3 Nd4 7. h3 e5 8. Nge2
Be6 9. O-O Qd7 10. Kh2 Nf6 11. Ng1 h5 12. Nd5 Ng4+ 13. Kh1 h4 14. Bxd4 exd4 15.
Qf3 O-O-O 16. Nf4 hxg3 17. fxg3 Ne5 18. Qf2 Bg4 19. Qd2 g5 20. Nd5 Bxh3 21.
Nxh3 g4 22. Rf5 Nf3 23. Qf4 gxh3 24. Bxf3 Bh6 25. Qh4 Rdg8 26. Ne7+ 1-0

[Event "62.HEM 2008, Gruppe D"]
[Site "Hanau"]
[Date "2008.03.22"]
[Round "4.9"]
[White "Zarges, Peter"]
[Black "Sohl, Thies"]
[Result "0-1"]
[WhiteElo "1796"]
[BlackElo "1620"]
[PlyCount "100"]
[EventDate "2008.??.??"]

1. e4 e6 2. d4 d5 3. Nc3 Bb4 4. e5 c5 5. a3 Bxc3+ 6. bxc3 Qc7 7. Nf3 Nc6 8. Be2
Bd7 9. O-O Nge7 10. Bf4 O-O 11. Bg3 Qa5 12. Qd2 Rac8 13. Rfb1 Rc7 14. Rb5 Qa4
15. Rxc5 a6 16. Bd3 b6 17. Rxc6 Rxc6 18. Qe2 Nf5 19. Bxa6 Rxc3 20. Bd3 Rxa3 21.
Re1 Ra1 22. h3 Rxe1+ 23. Qxe1 Bb5 24. Bxf5 exf5 25. e6 Qa7 26. Qb4 Ba4 27. Bd6
Rc8 28. Qe1 f6 29. c3 Be8 30. Bb4 Qa2 31. Qe3 Qb1+ 32. Kh2 Qe4 33. Nd2 Qxe3 34.
fxe3 Rc6 35. e7 Rc8 36. Kg3 Kf7 37. Nf3 Ra8 38. h4 Ke6 39. Kf4 Ra2 40. Kg3 Re2
41. Ng1 Rxe3+ 42. Kf2 Re4 43. g3 f4 44. g4 Re3 45. Nf3 h6 46. g5 Bh5 47. Ng1
hxg5 48. hxg5 fxg5 49. e8=Q+ Bxe8 50. Nf3 Kf5 0-1

[Event "62.HEM 2008, Gruppe D"]
[Site "Hanau"]
[Date "2008.03.22"]
[Round "4.10"]
[White "Kohlmeyer, Klaus"]
[Black "Rondio, Thomas"]
[Result "0-1"]
[WhiteElo "1525"]
[BlackElo "1696"]
[PlyCount "114"]
[EventDate "2008.??.??"]

1. d4 Nf6 2. Nf3 d5 3. c4 c6 4. cxd5 cxd5 5. Nc3 Nbd7 6. Bf4 e6 7. e3 Bb4 8.
Bd3 Qa5 9. Qc2 h6 10. O-O Bxc3 11. bxc3 O-O 12. Rab1 a6 13. c4 dxc4 14. Qxc4
Nb6 15. Qc5 Qxc5 16. dxc5 Nbd5 17. Bd6 Rd8 18. e4 Nc3 19. Rb3 Ncxe4 20. Be7 Rd7
21. Bxf6 Nxf6 22. Rc1 Rc7 23. Nd2 b5 24. Ne4 Nd7 25. Nd6 Rxc5 26. Rxc5 Nxc5 27.
Rc3 Nxd3 28. Rxd3 e5 29. Ra3 Bd7 30. Rc3 Be6 31. f3 Bxa2 32. Ra3 Bc4 33. Nxc4
bxc4 34. Ra4 a5 35. Rxc4 a4 36. Rc1 a3 37. Ra1 Kf8 38. Kf2 Ke7 39. Ke3 Ke6 40.
g4 f5 41. h3 fxg4 42. hxg4 g6 43. f4 exf4+ 44. Kxf4 Ra4+ 45. Kf3 Kf6 46. Ra2
Kg5 47. Ra1 a2 48. Ke3 Kxg4 49. Rg1+ Kf5 50. Ra1 g5 51. Kf3 Ra3+ 52. Kg2 g4 53.
Kf2 h5 54. Kg2 h4 55. Kf2 h3 56. Kg1 g3 57. Kh1 Rb3 0-1

[Event "62.HEM 2008, Gruppe D"]
[Site "Hanau"]
[Date "2008.03.22"]
[Round "4.11"]
[White "Kellerwessel, Ralf"]
[Black "Lotte, Stephan"]
[Result "1/2-1/2"]
[WhiteElo "1693"]
[BlackElo "1603"]
[PlyCount "46"]
[EventDate "2008.??.??"]

1. e4 c5 2. b3 Nc6 3. Bb2 d6 4. Bb5 Bd7 5. Ne2 e6 6. O-O Nf6 7. d3 Be7 8. Nbc3
O-O 9. Qd2 a6 10. Bxc6 Bxc6 11. Ng3 b5 12. a4 Qc7 13. Rfe1 Rfe8 14. f4 Nd7 15.
Nce2 Bf6 16. d4 cxd4 17. Bxd4 Bxd4+ 18. Nxd4 Nc5 19. a5 Rad8 20. Rad1 Bb7 21.
Qc3 Qe7 22. Qe3 Rd7 23. Nde2 d5 1/2-1/2

[Event "62.HEM 2008, Gruppe D"]
[Site "Hanau"]
[Date "2008.03.22"]
[Round "4.12"]
[White "Launert, Martin"]
[Black "Will, Patrick"]
[Result "1-0"]
[WhiteElo "1569"]
[BlackElo "1679"]
[PlyCount "119"]
[EventDate "2008.??.??"]

1. e4 g6 2. d4 Bg7 3. Nc3 c6 4. Nf3 d5 5. e5 Bg4 6. h3 Bc8 7. Bg5 f6 8. Bh4 Nd7
9. Qe2 Nh6 10. g4 O-O 11. O-O-O b5 12. a3 Nb6 13. Bg3 a5 14. Nd2 b4 15. Ncb1
bxa3 16. Nxa3 Rb8 17. exf6 Bxf6 18. Bxb8 Bxd4 19. Nb3 Bxf2 20. Be5 Nd7 21. Bd4
Bg3 22. Qe6+ Nf7 23. Qxc6 Nde5 24. Bxe5 Nxe5 25. Qc3 Bf4+ 26. Kb1 a4 27. Nc5
Qd6 28. Nd3 Nxd3 29. Qxd3 Bb7 30. Be2 Be5 31. Qb5 Bc6 32. Qd3 Rb8 33. Nc4 Qb4
34. Qa3 dxc4 35. Rd8+ Kg7 36. Rxb8 Qxa3 37. bxa3 Bxb8 38. Rd1 c3 39. Rd8 Be5
40. Rc8 Bg2 41. h4 h6 42. Rc4 Bf6 43. g5 hxg5 44. hxg5 Bxg5 45. Rg4 Bb7 46.
Rxg5 Kf6 47. Rc5 e5 48. Rxc3 Kf5 49. Kc1 Kf4 50. Kd1 g5 51. Rc4+ e4 52. Rxa4 g4
53. Rb4 Bc8 54. Rb8 Bf5 55. a4 g3 56. Bf1 e3 57. Bg2 e2+ 58. Kxe2 Bxc2 59. a5
Bf5 60. Rf8 1-0

[Event "62.HEM 2008, Gruppe D"]
[Site "Hanau"]
[Date "2008.03.22"]
[Round "4.13"]
[White "Blosze, Winfried"]
[Black "Hofmann, Thomas"]
[Result "1-0"]
[WhiteElo "1906"]
[BlackElo "1567"]
[PlyCount "57"]
[EventDate "2008.??.??"]

1. e4 c5 2. d4 cxd4 3. c3 dxc3 4. Nxc3 d6 5. Bc4 Nf6 6. e5 e6 7. exf6 Qxf6 8.
Nf3 h6 9. O-O d5 10. Bb3 a6 11. Re1 Be7 12. Bxd5 O-O 13. Qe2 Bb4 14. Be4 Nc6
15. Bb1 Rd8 16. a3 Bxc3 17. bxc3 e5 18. Qe4 g6 19. Bxh6 Bf5 20. Qe3 Rd7 21. Qg5
Qxg5 22. Bxg5 Bg4 23. Be4 Re8 24. Bxc6 bxc6 25. Rxe5 Re6 26. Rxe6 Bxe6 27. h3
Rd3 28. Bf6 Bxh3 29. Rb1 1-0

[Event "62.HEM 2008, Gruppe D"]
[Site "Hanau"]
[Date "2008.03.22"]
[Round "4.14"]
[White "Kempf, Alexander"]
[Black "Will, Dominik"]
[Result "0-1"]
[WhiteElo "1829"]
[BlackElo "1585"]
[PlyCount "80"]
[EventDate "2008.??.??"]

1. e4 e6 2. d4 d5 3. Nd2 Nf6 4. e5 Nfd7 5. Ngf3 c5 6. c3 Nc6 7. Bb5 Qb6 8. Bxc6
bxc6 9. O-O cxd4 10. cxd4 c5 11. Nb3 Be7 12. Re1 O-O 13. Qc2 cxd4 14. Nbxd4 Bb7
15. Be3 Rac8 16. Qb3 Bc5 17. Rac1 Ba6 18. Qa4 Rfd8 19. b4 Bxd4 20. Bxd4 Qb7 21.
h4 Rc4 22. Rxc4 dxc4 23. Rd1 Nb8 24. Bxa7 Rc8 25. Bc5 Bb5 26. Qc2 Bc6 27. Qc3
Bd5 28. a4 Nd7 29. Bd4 Rd8 30. b5 Bxf3 31. gxf3 Nxe5 32. Kg2 Ng6 33. Kg3 e5 34.
Qxc4 exd4 35. Rxd4 Rc8 36. Qb4 Ne5 37. Qb3 Qb6 38. Re4 Qd6 39. Kg2 Rc1 40. f4
Qg6+ 0-1

[Event "62.HEM 2008, Gruppe D"]
[Site "Hanau"]
[Date "2008.03.22"]
[Round "4.15"]
[White "Gottlieb, Herbert"]
[Black "Georgi, Florian"]
[Result "1-0"]
[WhiteElo "1678"]
[BlackElo "1533"]
[PlyCount "85"]
[EventDate "2008.??.??"]

1. d4 Nf6 2. Nf3 g6 3. e3 Bg7 4. Be2 O-O 5. O-O d5 6. b4 a6 7. Nbd2 Nc6 8. c3
Re8 9. Bb2 e5 10. Nxe5 Nxe5 11. dxe5 Rxe5 12. c4 Re7 13. cxd5 Qxd5 14. Bc4 Qd8
15. Nf3 Bg4 16. Qxd8+ Rxd8 17. Ne5 Be6 18. Rfd1 Nd7 19. Bxe6 Rxe6 20. f4 Ree8
21. Nxd7 Bxb2 22. Rab1 Bg7 23. Kf2 Re7 24. Nf6+ Bxf6 25. Rxd8+ Kg7 26. Rd3 Re4
27. Kf3 Rc4 28. e4 Be7 29. a3 b6 30. Rbb3 c5 31. b5 Ra4 32. Rd7 c4 33. Rc3 Bc5
34. Ra7 a5 35. Rc7 Bxa3 36. R7xc4 Bb4 37. e5 Ra1 38. Rc1 Ra3+ 39. Ke4 Ra2 40.
R1c2 Rxc2 41. Rxc2 Kf8 42. Kd5 a4 43. Rc4 1-0

[Event "62.HEM 2008, Gruppe D"]
[Site "Hanau"]
[Date "2008.03.22"]
[Round "4.16"]
[White "Goldschmidt, Andreas"]
[Black "Staggat, Rolf"]
[Result "1/2-1/2"]
[WhiteElo "1563"]
[BlackElo "1661"]
[PlyCount "106"]
[EventDate "2008.??.??"]

1. d4 Nf6 2. c4 c5 3. d5 b5 4. cxb5 a6 5. Nc3 g6 6. e4 d6 7. Nf3 Nbd7 8. Bf4
Bg7 9. bxa6 O-O 10. Qd2 Qb6 11. Rb1 Bxa6 12. Bh6 Bxf1 13. Rxf1 Qb4 14. Bxg7
Kxg7 15. a3 Qa5 16. Qd3 Rfb8 17. Ke2 Ng4 18. Rfc1 Nge5 19. Nxe5 Nxe5 20. Qg3
Qa6+ 21. Kd1 Rb3 22. f4 Qd3+ 23. Qxd3 Nxd3 24. Rc2 Nxf4 25. Rd2 Rab8 26. Kc2 c4
27. a4 Nd3 28. Nb5 Nc5 29. Rd4 Rb4 30. Na3 Rxa4 31. Rxc4 Rxc4+ 32. Nxc4 Nxe4
33. b4 Rb5 34. Ne3 Nf6 35. Kd3 Kf8 36. Kc4 Rb7 37. Ra1 Ke8 38. Ra8+ Kd7 39. b5
e6 40. Ra5 h5 41. dxe6+ fxe6 42. Ra6 Ne4 43. b6 Kc6 44. Ra7 Kxb6 45. Rxb7+ Kxb7
46. Kd4 Nf6 47. Nc4 e5+ 48. Nxe5 dxe5+ 49. Kxe5 Ng4+ 50. Kf4 Nxh2 51. Kg5 Ng4
52. Kxg6 Ne3 53. Kxh5 Nxg2 1/2-1/2

[Event "62.HEM 2008, Gruppe D"]
[Site "Hanau"]
[Date "2008.03.22"]
[Round "4.17"]
[White "Boldt, Kai-Ulrich"]
[Black "Falkenhainer, Sven"]
[Result "0-1"]
[WhiteElo "1558"]
[BlackElo "1654"]
[PlyCount "94"]
[EventDate "2008.??.??"]

1. d4 d6 2. c4 Nf6 3. Nc3 g6 4. e4 Bg7 5. Nf3 O-O 6. Be2 Bg4 7. O-O Nbd7 8. Ng5
Bxe2 9. Qxe2 e5 10. d5 Nh5 11. Nh3 a6 12. Be3 h6 13. b4 Qh4 14. Qc2 Nf4 15.
Nxf4 exf4 16. Bd2 Be5 17. f3 f5 18. Rae1 Bd4+ 19. Kh1 Nf6 20. exf5 Nh5 21. Ne2
Bf2 22. Bxf4 Bxe1 23. g3 Bxg3 24. Bxg3 Qh3 25. Rg1 Qxf5 26. Qxf5 Rxf5 27. Nd4
Nxg3+ 28. Rxg3 Rf6 29. Ne6 c6 30. f4 cxd5 31. cxd5 Rc8 32. a3 Rc1+ 33. Kg2 Rd1
34. Nc7 Kf7 35. Rf3 Rd4 36. Kg3 Rf5 37. h4 g5 38. hxg5 hxg5 39. Ne6 gxf4+ 40.
Kg4 Rdxd5 41. Nxf4 Rb5 42. Rd3 Ke7 43. Rd4 Rg5+ 44. Kh4 Kd7 45. Nh3 Rgd5 46.
Rc4 Rd3 47. a4 Rbd5 0-1

[Event "62.HEM 2008, Gruppe D"]
[Site "Hanau"]
[Date "2008.03.22"]
[Round "4.18"]
[White "Boethelt, Klaus-Dieter"]
[Black "Wuerker, Gert"]
[Result "1-0"]
[WhiteElo "1505"]
[BlackElo "1628"]
[PlyCount "61"]
[EventDate "2008.??.??"]

1. d4 c5 2. dxc5 e6 3. Nc3 Bxc5 4. Nf3 d5 5. e3 Nf6 6. Bb5+ Bd7 7. Bxd7+ Nbxd7
8. O-O O-O 9. b3 a6 10. Bb2 Rc8 11. Rc1 Qe7 12. Nb1 Rfd8 13. Qe2 Ne4 14. c4
Ndf6 15. Rfd1 Nd6 16. Bxf6 Qxf6 17. cxd5 Ba7 18. Rxc8 Rxc8 19. dxe6 Qxe6 20. g3
Nf5 21. Qd3 h6 22. Na3 Bc5 23. Nc2 Be7 24. Ncd4 Nxd4 25. Qxd4 Qc6 26. Ne5 Qe6
27. Nf3 Qf5 28. Kg2 Bf6 29. Qd7 Qc2 30. Rd2 Qc3 31. Qxb7 1-0

[Event "62.HEM 2008, Gruppe D"]
[Site "Hanau"]
[Date "2008.03.22"]
[Round "4.19"]
[White "Riedl, Janis"]
[Black "Riha, Peter"]
[Result "1-0"]
[WhiteElo "1543"]
[BlackElo "1827"]
[PlyCount "53"]
[EventDate "2008.??.??"]

1. d4 Nf6 2. c4 g6 3. Nc3 d5 4. cxd5 Nxd5 5. e4 Nxc3 6. bxc3 Bg7 7. Bc4 c5 8.
Be3 Nc6 9. Ne2 cxd4 10. cxd4 O-O 11. O-O Bg4 12. f3 Na5 13. Bxf7+ Rxf7 14. fxg4
Rxf1+ 15. Kxf1 Qd7 16. h3 b5 17. Rc1 Nc4 18. Bf2 Rd8 19. Qd3 Bxd4 20. Qxd4 Qe8
21. Qc5 Nd2+ 22. Kg1 Nxe4 23. Qe5 Nxf2 24. Kxf2 Qf7+ 25. Kg1 Rf8 26. Nd4 Qxa2
27. Ne6 1-0

[Event "62.HEM 2008, Gruppe D"]
[Site "Hanau"]
[Date "2008.03.22"]
[Round "4.20"]
[White "Hahn, Florian"]
[Black "Minarsch, Hans"]
[Result "1-0"]
[WhiteElo "1530"]
[BlackElo "1617"]
[PlyCount "51"]
[EventDate "2008.??.??"]

1. Nf3 b6 2. b3 Nf6 3. e3 Bb7 4. Bb2 e6 5. Be2 Be7 6. O-O O-O 7. d4 d5 8. c4 c5
9. cxd5 exd5 10. Nc3 Nbd7 11. Rc1 Rc8 12. h3 Ne4 13. Nxe4 dxe4 14. Ne5 Nf6 15.
Bc4 a6 16. dxc5 Qxd1 17. Rfxd1 Bxc5 18. Nxf7 Rxf7 19. Bxf6 Ba3 20. Bxf7+ Kxf7
21. Rxc8 Bxc8 22. Bc3 Be7 23. Rd4 Bf5 24. g4 Bg6 25. Rd7 b5 26. Bb4 1-0

[Event "62.HEM 2008, Gruppe D"]
[Site "Hanau"]
[Date "2008.03.22"]
[Round "4.21"]
[White "Didicher, Dietmar"]
[Black "Traut, Stefan"]
[Result "1-0"]
[WhiteElo "1612"]
[BlackElo "1526"]
[PlyCount "113"]
[EventDate "2008.??.??"]

1. b4 d5 2. Bb2 Bf5 3. e3 e6 4. a3 Nf6 5. c4 c6 6. cxd5 exd5 7. Nf3 Bd6 8. Be2
O-O 9. d3 Nbd7 10. O-O Re8 11. Nc3 Ne5 12. Nh4 Qd7 13. Nxf5 Qxf5 14. e4 Qd7 15.
d4 Ng6 16. e5 Nxe5 17. dxe5 Bxe5 18. Qc2 Re7 19. Bf3 Rae8 20. Rad1 Qc7 21. g3
b6 22. Bg2 d4 23. Ne4 Nxe4 24. Bxe4 c5 25. Bxh7+ Kh8 26. Bf5 g6 27. Bd3 Kg7 28.
Bc1 Bf6 29. f4 Rc8 30. Ba6 Rce8 31. f5 g5 32. Rf2 Qd6 33. Bb5 Rc8 34. Re2 Rec7
35. Qb1 c4 36. Ba6 Rd8 37. Qe4 d3 38. Red2 Qd4+ 39. Qxd4 Bxd4+ 40. Kf1 Be3 41.
Rxd3 cxd3 42. Bxe3 Rc3 43. Bxg5 Rd5 44. Bc1 Rxf5+ 45. Ke1 f6 46. Bxd3 Rh5 47.
h4 Rd5 48. Ke2 Re5+ 49. Kd2 Rc7 50. Rf1 Rd7 51. Bb2 Re6 52. g4 Red6 53. Rf3 Kh6
54. Bxf6 Rf7 55. g5+ Kh5 56. Ke2 Kxh4 57. g6+ 1-0

[Event "62.HEM 2008, Gruppe D"]
[Site "Hanau"]
[Date "2008.03.22"]
[Round "4.22"]
[White "Milde, Dieter"]
[Black "Schmitt, Clemens"]
[Result "1/2-1/2"]
[WhiteElo "1600"]
[BlackElo "1523"]
[PlyCount "48"]
[EventDate "2008.??.??"]

1. d4 Nf6 2. Nf3 e6 3. e3 b6 4. c4 Bb7 5. Bd3 c5 6. O-O Be7 7. Nc3 d5 8. cxd5
exd5 9. Bb5+ Nbd7 10. dxc5 Bxc5 11. Ne5 a6 12. Bc6 Bxc6 13. Nxc6 Qc7 14. Nd4
O-O 15. Nf3 Qb7 16. b3 Rfe8 17. Bb2 Ne5 18. Nxe5 Rxe5 19. Ne2 Re6 20. Nf4 Rc6
21. Nxd5 Nxd5 22. Qxd5 Bd6 23. Rac1 Bxh2+ 24. Kh1 Rh6 1/2-1/2

[Event "62.HEM 2008, Gruppe D"]
[Site "Hanau"]
[Date "2008.03.22"]
[Round "4.23"]
[White "Bachmann, Nick"]
[Black "Ahrend, Bodo"]
[Result "0-1"]
[WhiteElo "1520"]
[BlackElo "1580"]
[PlyCount "58"]
[EventDate "2008.??.??"]

1. e4 c5 2. c3 Nc6 3. d4 e6 4. Nf3 d5 5. exd5 Qxd5 6. Bb5 Bd7 7. O-O cxd4 8. c4
Qd6 9. Bxc6 Bxc6 10. Qxd4 Bxf3 11. Qxd6 Bxd6 12. gxf3 Nf6 13. Be3 Rc8 14. Nd2
b6 15. Rac1 O-O 16. a3 Be5 17. Rc2 Nd5 18. Rfc1 Nf4 19. Nb3 Rfd8 20. Bxf4 Bxf4
21. Re1 Rd3 22. Re4 g5 23. Rc3 Rcd8 24. Rxd3 Rxd3 25. Nd4 f5 26. Rxf4 gxf4 27.
Nxe6 Rxf3 28. Kg2 Rb3 29. Nxf4 Rxb2 0-1

[Event "62.HEM 2008, Gruppe D"]
[Site "Hanau"]
[Date "2008.03.22"]
[Round "4.24"]
[White "Storch, Dominik"]
[Black "Mueller, Klaus"]
[Result "1-0"]
[WhiteElo "1508"]
[BlackElo "1569"]
[PlyCount "29"]
[EventDate "2008.??.??"]

1. d4 d5 2. Nf3 Nc6 3. Nbd2 Nh6 4. e4 Bg4 5. c3 f6 6. Bb5 Qd7 7. h3 Bh5 8. Qe2
O-O-O 9. Nb3 dxe4 10. Qxe4 Bg6 11. Bxc6 bxc6 12. Qe2 e5 13. Qa6+ Kb8 14. Na5
Qc8 15. Nxc6+ 1-0

[Event "62.HEM 2008, Gruppe D"]
[Site "Hanau"]
[Date "2008.03.22"]
[Round "4.25"]
[White "Guth, Susanne"]
[Black "Begeluri, Nino"]
[Result "0-1"]
[WhiteElo "1568"]
[BlackElo "1515"]
[PlyCount "94"]
[EventDate "2008.??.??"]

1. e4 c5 2. Nc3 Nc6 3. g3 e6 4. Bg2 Nf6 5. d3 h6 6. Nge2 d6 7. O-O Be7 8. h3
O-O 9. f4 d5 10. e5 Nd7 11. Bd2 a6 12. Kh2 f6 13. exf6 Bxf6 14. Ng1 Nb6 15. Nf3
Re8 16. Rb1 e5 17. fxe5 Nxe5 18. Bf4 Ng6 19. Qd2 Nxf4 20. Qxf4 d4 21. Ne4 Nd5
22. Nxf6+ Qxf6 23. Qxf6 gxf6 24. Nh4 Ne3 25. Rxf6 Kg7 26. Rg6+ Kh7 27. Be4 Bf5
28. Nxf5 Kxg6 29. Nxe3+ Rxe4 30. dxe4 dxe3 31. Re1 Rd8 32. Kg2 Rd2+ 33. Kf3
Rxc2 34. Re2 Rc1 35. Kxe3 Rh1 36. h4 Rg1 37. Kf4 Rf1+ 38. Ke5 b5 39. Kd5 c4 40.
e5 Kf7 41. g4 Rf4 42. e6+ Ke7 43. Re4 Rf2 44. g5 hxg5 45. hxg5 Rxb2 46. Rf4
Rd2+ 47. Ke5 Re2+ 0-1

[Event "62.HEM 2008, Gruppe D"]
[Site "Hanau"]
[Date "2008.03.22"]
[Round "4.26"]
[White "Voellinger, Florian"]
[Black "Hoellwarth, Kai"]
[Result "1-0"]
[WhiteElo "1516"]
[BlackElo "1645"]
[PlyCount "105"]
[EventDate "2008.??.??"]

1. d4 e5 2. dxe5 Nc6 3. Nf3 Qe7 4. c3 Nxe5 5. Nd4 d6 6. Bf4 Ng6 7. Bg3 f5 8. h3
Nf6 9. Nd2 c5 10. N4f3 Bd7 11. Qc2 Ne4 12. Nxe4 fxe4 13. Nd2 e3 14. fxe3 Qxe3
15. Qe4+ Qxe4 16. Nxe4 d5 17. Nd6+ Bxd6 18. Bxd6 Rc8 19. Rd1 Be6 20. g4 Kd7 21.
Bg3 Kc6 22. Bg2 Rhd8 23. b4 cxb4 24. cxb4 Kb5 25. Kf2 Rc2 26. a4+ Kxa4 27. Ra1+
Kxb4 28. Rhb1+ Kc5 29. Rxb7 Rd7 30. Rxd7 Bxd7 31. Rxa7 Nf8 32. Rc7+ Bc6 33.
Rxg7 Ne6 34. Rxh7 Nd4 35. Re7 Bb5 36. Rc7+ Bc6 37. Bf1 Ne6 38. Re7 Ng5 39. Bg2
Ne4+ 40. Bxe4 dxe4 41. g5 Ra2 42. g6 Ra8 43. g7 Bd5 44. Be5 Bg8 45. e3 Kd5 46.
Bd4 Bh7 47. Re5+ Kd6 48. Rh5 Ra2+ 49. Kg3 Bg8 50. Rh8 Ra8 51. h4 Ke6 52. h5 Kf5
53. h6 1-0

[Event "62.HEM 2008, Gruppe D"]
[Site "Hanau"]
[Date "2008.03.22"]
[Round "4.27"]
[White "Ackermann, Robert"]
[Black "Leibold, Mathias"]
[Result "1/2-1/2"]
[WhiteElo "1521"]
[BlackElo "1597"]
[PlyCount "64"]
[EventDate "2008.??.??"]

1. d4 d5 2. Nf3 Bf5 3. g3 Nf6 4. Bg2 h6 5. O-O e6 6. Nbd2 Nc6 7. c3 Bd6 8. Re1
g5 9. a3 Qd7 10. c4 Be7 11. b4 Ne4 12. e3 h5 13. cxd5 Qxd5 14. Bb2 Rh7 15. Qb3
Qxb3 16. Nxb3 h4 17. Nfd2 Nxd2 18. Nxd2 hxg3 19. hxg3 O-O-O 20. Rac1 Nb8 21. e4
Bh3 22. Bxh3 Rxh3 23. Kg2 Rh7 24. Rh1 Rxh1 25. Rxh1 f6 26. Rh7 Re8 27. Rf7 Nd7
28. Kf3 Kd8 29. Nc4 b6 30. b5 Rh8 31. d5 e5 32. Ne3 Ke8 1/2-1/2

[Event "62.HEM 2008, Gruppe D"]
[Site "Hanau"]
[Date "2008.03.22"]
[Round "4.28"]
[White "Brueckner, Ewald"]
[Black "Bluhm, Sonja Maria"]
[Result "1/2-1/2"]
[WhiteElo "1581"]
[BlackElo "1540"]
[PlyCount "57"]
[EventDate "2008.??.??"]

1. f4 Nf6 2. Nf3 g6 3. e3 Bg7 4. d4 d6 5. Be2 Bf5 6. Nbd2 Nc6 7. Nh4 Bd7 8. O-O
e6 9. Nhf3 O-O 10. Qe1 Nb4 11. Qd1 Ng4 12. Nb3 Nd5 13. Qd3 a6 14. c4 Nb4 15.
Qd1 b5 16. h3 Nf6 17. a3 bxc4 18. Bxc4 Nc6 19. Bd3 Ne7 20. e4 Ba4 21. Re1 Qd7
22. Bc2 Bxb3 23. Bxb3 Qc6 24. Qc2 Qxc2 25. Bxc2 Rab8 26. b4 Nd7 27. Bd3 Ra8 28.
Be3 e5 29. Rac1 1/2-1/2